000 00971nam a2200253 a 4500
001 71293
003 BD-RjUL
005 20211209082110.0
008 170430s1988 bg a|||| |||| 001 0 ben d
020 _c: TK. 130.00
035 _a(BD-RjUL)71509
040 _aBD-RjUL
_bben
_cBD-RjUL
_dBD-RjUL
041 _aben
082 _223
_a634.88095492
_bMAB 1988
100 1 _aমনিরুজ্জামান, এফ. এম.
_9210956
245 1 0 _aবাংলাদেশে ফলের চাষ /
_cএফ. এম. মনিরুজ্জামান
250 _a১ম সং.
260 _aঢাকা :
_bবাংলা একাডেমী,
_c১৯৮৮.
300 _a৩৮৪ পৃ. :
_bচিত্র ;
_c২৪ সেমি.
500 _aনির্ঘন্ট সংযুক্ত.
650 _aফলের-সংস্কৃতি।
_zবাংলাদেশ
_9210957
650 _aFruit-culture.
_zBangladesh
_9210958
942 _2ddc
_cBK
999 _c71293
_d71293